Software agents /

Guardado en:
Otros Autores: Bradshaw, Jeffrey M.
Formato: Libro
Idioma:English
Publicado: Menlo Park, Calif. : Cambridge, Mass. : AAAI Press ; MIT Press, c1997.
Materias:
Etiquetas: Agregar Etiqueta
Sin Etiquetas, Sea el primero en etiquetar este registro!
LEADER 00737nam a22002175a 4500
001 DCC.dcic000094
008 970110s1997####caua#####b####001#0#eng##
005 20151123135008.0
245 0 0 |a Software agents /  |c edited by Jeffrey M. Bradshaw. 
260 |a Menlo Park, Calif. :  |b AAAI Press ;  |a Cambridge, Mass. :  |b MIT Press,  |c c1997. 
300 |a x, 480 p. :  |b ill. ;  |c 23 cm. 
504 |a Includes bibliographical references and index. 
020 |a 0262522349 (acid-free paper) 
700 1 |a Bradshaw, Jeffrey M. 
082 0 0 |a 006.3  |2 21 
650 0 |a Intelligent agents (Computer software) 
035 |9 (DLC) 97001553 
010 |a  97001553  
040 |a DLC  |c DLC  |d DLC 
050 0 0 |a QA76.76.158  |b S64 1997 
859 |a DCIC  |b BIB. COMPUTACION  |p 0148